"And" Idioms - Statistics

General Stats
  • This quiz has been taken 108 times
  • The average score is 12 of 17
Answer Stats
Definition Idioms % Correct
A succession of good and bad experiences Ups and {Downs}
99%
Relatives Flesh and {Blood}
95%
A choice between two unsatisfactory options Between a rock and a {Hard} place
93%
Sex and reproduction talk given to children The birds and the {Bees}
93%
Stranded, without help or hope of recovery To be left high and {Dry}
86%
Slang term, meaning wife Ball and {Chain}
83%
A feeling of pessimism Doom and {Gloom}
83%
To be subservient to someone To be at one's beck and {Call}
81%
Characteristic of espionage or intrigue Cloak and {Dagger}
72%
Cheap party snack Cheese and {Crackers}
71%
A risky, precarious or delicate state Touch and {Go}
71%
To help and encourage in the commission of a crime Aid and {Abet}
70%
A fanciful and unbelievable tale Cock and {Bull} story
61%
A collection of things Whole kit and {Caboodle}
55%
An ostentatious display of ceremonial grandeur Pomp and {Circumstance}
53%
Ordinary members of a group Rank and {File}
52%
A reference to the violent natural world Red in tooth and {Claw}
18%
No matching quizzes found
Score Distribution
Percent of People with Each Score
Percentile by Number Answered
Your Score History
You have not taken this quiz